| 000 | 00688nam a22002057a 4500 | ||
|---|---|---|---|
| 999 |
_c9223 _d9223 |
||
| 003 | AR-CdUCM | ||
| 008 | 190327b ||||| |||| 00| 0 spa d | ||
| 040 |
_aMUNICIPALIDAD PROVINCIAL DEL CUSCO _cBIBLIOTECA MUNICIPAL DEL CUSCO |
||
| 082 |
_a868.6 / _bCH75 |
||
| 100 |
_aChoque, Jaime _925289 |
||
| 245 |
_aSuspiro de piedra : _bPoemas / |
||
| 260 |
_aLa Paz : _bUniverso, _c1972. |
||
| 300 |
_a99 páginas ; _c20 cm. |
||
| 505 | _aContenido : Libertad de sentimiento -- Aurora de fervor iberoamericano -- Rojo clave de vigilia ... | ||
| 650 |
_aLa Paz _9620 |
||
| 650 |
_aLiteratura boliviana _94271 |
||
| 650 |
_aLiteratura latinoamericana _91143 |
||
| 942 |
_2ddc _cLIBROS |
||
| 945 | _arah | ||